Online Catalogue and eLibrary

The Ideological Octopus: (Record no. 1152)

MARC details
000 -LEADER
fixed length control field 00503nam a2200193Ia 4500
005 - DATE AND TIME OF LATEST TRANSACTION
control field 20250325045350.0
008 - FIXED-LENGTH DATA ELEMENTS--GENERAL INFORMATION
fixed length control field 240331s9999 xx 000 0 und d
020 ## - INTERNATIONAL STANDARD BOOK NUMBER
ISBN 0415902886
082 ## - DDC Classification
Class No. 302.234
Item Number - Author Mark LEW
DDC Edition Number 1097
100 ## - MAIN ENTRY--PERSONAL NAME
Personal name Lewis, J
245 #4 - TITLE STATEMENT
Title The Ideological Octopus:
Remainder of title An Exploration of Television and it's Audience
260 ## - PUBLICATION, DISTRIBUTION, ETC.
Place of publication, distribution, etc. London;
-- New York,
Name of publisher, distributor, etc. Routledge
Date of publication, distribution, etc. 1991
300 ## - PHYSICAL DESCRIPTION
Extent (e.g. Volumes, Pages etc.) x, 218 p.,
650 ## - SUBJECT ADDED ENTRY--TOPICAL TERM
Topical term or geographic name entry element Media
650 ## - SUBJECT ADDED ENTRY--TOPICAL TERM
Topical term or geographic name entry element Television
650 ## - SUBJECT ADDED ENTRY--TOPICAL TERM
Topical term or geographic name entry element Culture
650 ## - SUBJECT ADDED ENTRY--TOPICAL TERM
Topical term or geographic name entry element Women
942 ## - Koha item type (Biblio)
Koha item type Books in Stacks (Lending)
Holdings
Lost status Damaged status Collection code Home library Current library Shelving location Date acquired Full call number Accession Number Item type
    Lending WERC Library WERC Library Social Science Cupboard 03/31/2024 302.234 LEW 1097 Books in Stacks (Lending)

© WERC Library